| 000 | 00398nam a2200145Ia 4500 | ||
|---|---|---|---|
| 008 | 190430s9999 xx 000 0 und d | ||
| 245 | _aFive specialized courses you can study in New Zealand/ | ||
| 260 | _bManila Standard | ||
| 260 | _c2017 | ||
| 300 | _aJuly 4, 2017 | ||
| 440 | _aManila Standard | ||
| 650 | _aEducation | ||
| 650 | _aeducation -- New Zealand | ||
| 650 | _aspecialized courses | ||
| 999 |
_c361763 _d361763 |
||